Sports Quiz

Random Sports or WWE Quiz
Score 0/8 Timer 10:00
0 Plays Today
Hint Answer % Correct
Survivor Series - WWF Championship (**** 1/2)Bret Hart
94.9%
SummerSlam - WWF Intercontinental Championship (**** 1/4)Bret Hart
94.9%
Survivor Series - WWF Championship (**** 1/2)Shawn Michaels
91.7%
WrestleMania VIII - WWF Championship (**** 1/4)Randy Savage
90.6%
SummerSlam - WWF Championship (****)Randy Savage
90.6%
WrestleMania VIII - WWF Championship (**** 1/4)Ric Flair
89.2%
SummerSlam - WWF Championship (****)The Ultimate Warrior
84.8%
SummerSlam - WWF Intercontinental Championship (**** 1/4)The British Bulldog
84.8%
Come Together.
Have Fun.
All Virtual.
We all need to come together. Play Sporcle's virtual live trivia to have fun, connect with people, and get your trivia on. Join a live hosted trivia game for your favorite pub trivia experience done virtually. If a virtual private party is more your thing, go here for details.

You're not logged in!

Compare scores with friends on all Sporcle quizzes.
OR
Log In

Sporcle TV

Today on Sporcle TV


Watch our educational content, quiz creation guides, and fun videos on Sporcle TV.

Show Comments

Extras

Created Feb 13, 2020ReportNominate
Tags:WWE Quiz

Top Quizzes Today


Score Distribution

Paid Content

Your Account Isn't Verified!

In order to create a playlist on Sporcle, you need to verify the email address you used during registration. Go to your Sporcle Settings to finish the process.

Report this User

Report this user for behavior that violates our Community Guidelines.

Details: